[Event "Monteros U2300 op"]
[Site "Monteros"]
[Date "2019.05.25"]
[Round "2"]
[White "Machicado, Francisco"]
[Black "Santucho, Jorge Mario"]
[Result "1/2-1/2"]
[WhiteElo "1576"]
[BlackElo "1964"]
[PlyCount "73"]
[EventDate "2019.05.25"]
[EventType "swiss"]
[EventRounds "6"]
[EventCountry "ARG"]
[SourceTitle "CBM 190 Extra"]
[Source "ChessBase"]
[SourceDate "2019.07.15"]
[SourceVersion "1"]
[SourceVersionDate "2019.07.15"]
[SourceQuality "1"]

1. c4 Nf6 2. Nc3 d5 3. d4 g6 4. Bg5 Ne4 5. Nxe4 dxe4 6. e3 c5 7. Ne2 Bg7 8. Qc2 Qa5+ 9. Qd2 Qxd2+ 10. Kxd2 Nc6 11. Rd1 cxd4 12. exd4 Nxd4 13. Kc1 Nxe2+ 14. Bxe2 Be6 15. b3 Rc8 16. Rd2 0-0 17. Bxe7 Rfe8 18. Bg5 b5 19. Rc2 bxc4 20. Bxc4 Bxc4 21. bxc4 Bd4 22. Rd1 Bc5 23. Rd7 Re5 24. Bh6 Rh5 25. Bf4 Rf5 26. Bg3 e3 27. fxe3 Bxe3+ 28. Kd1 Rfc5 29. Rxa7 Rxc4 30. Rc7 Rd4+ 31. Ke2 Re8 32. Rc8 Rde4 33. Kf3 Bg1 34. Rxe8+ Rxe8 35. a4 Re3+ 36. Kf4 Ra3 37. Rc4 1/2-1/2

[Event "Monteros U2300 op"]
[Site "Monteros"]
[Date "2019.05.25"]
[Round "3"]
[White "Santucho, Jorge Mario"]
[Black "Ortiz, Edgard"]
[Result "1-0"]
[WhiteElo "1964"]
[BlackElo "1765"]
[PlyCount "79"]
[EventDate "2019.05.25"]
[EventType "swiss"]
[EventRounds "6"]
[EventCountry "ARG"]
[SourceTitle "CBM 190 Extra"]
[Source "ChessBase"]
[SourceDate "2019.07.15"]
[SourceVersion "1"]
[SourceVersionDate "2019.07.15"]
[SourceQuality "1"]

1. e4 e5 2. Nf3 Nc6 3. Bb5 a6 4. Ba4 Nf6 5. 0-0 Nxe4 6. d4 b5 7. d5 bxa4 8. dxc6 d6 9. Re1 Nc5 10. Be3 Ne6 11. c4 Rb8 12. Qd2 Be7 13. Nc3 f5 14. Qc2 0-0 15. Rab1 Qe8 16. Nd5 Bd8 17. Qxa4 g5 18. c5 f4 19. cxd6 cxd6 20. Ba7 Ra8 21. Bb6 g4 22. Nd2 Bxb6 23. Nxb6 Ra7 24. Nxc8 Qxc8 25. Qc4 Rc7 26. Rbc1 Kf7 27. Ne4 Ke7 28. Qd5 Rd8 29. Rc4 h6 30. b4 Ng7 31. a4 Qe6 32. Nc3 Nh5 33. b5 axb5 34. axb5 Rb8 35. Qd3 Kf8 36. Nd5 Rg7 37. b6 g3 38. fxg3 fxg3 39. Rf1+ Kg8 40. h3 1-0

[Event "Monteros op 7th"]
[Site "Monteros"]
[Date "2017.08.20"]
[Round "5"]
[White "Santucho, Jorge Mario"]
[Black "Avila, Pablo"]
[Result "1-0"]
[WhiteElo "2019"]
[BlackElo "1931"]
[PlyCount "124"]
[EventDate "2017.08.19"]
[EventType "swiss"]
[EventRounds "7"]
[EventCountry "ARG"]
[SourceTitle "EXT 2020"]
[Source "ChessBase"]
[SourceDate "2019.10.17"]
[SourceVersion "1"]
[SourceVersionDate "2019.10.17"]
[SourceQuality "1"]

1. e4 e6 2. d4 d5 3. Nd2 Nf6 4. e5 Nfd7 5. Bd3 c5 6. c3 Nc6 7. Ne2 Qb6 8. Nf3 Be7 9. 0-0 c4 10. Bb1 Nf8 11. Nf4 g6 12. Qe2 Bd7 13. h4 0-0-0 14. Be3 h6 15. Nh3 a5 16. b3 cxb3 17. axb3 Qxb3 18. Ba2 Qb6 19. Rfb1 Qa6 20. Qxa6 bxa6 21. c4 Nb4 22. cxd5 exd5 23. Bb3 Bf5 24. Rc1+ Kb7 25. Rxa5 Ne6 26. Bd2 Nc6 27. Bxd5 Rxd5 28. Rxd5 Nc7 29. Ra5 Nxa5 30. Bxa5 Nd5 31. Nf4 Ba3 32. Ra1 Nxf4 33. Rxa3 Be4 34. Rb3+ Ka8 35. Rb6 Bxf3 36. Rxa6+ Kb7 37. Rb6+ Kc8 38. gxf3 Ne2+ 39. Kg2 Nxd4 40. Rf6 Rh7 41. Bc3 Ne6 42. Bd2 Kd7 43. h5 gxh5 44. Bxh6 Ke7 45. Kh3 Nd4 46. Be3 Ne6 47. f4 Ng7 48. Bc5+ Ke8 49. Kh4 Ne6 50. Be3 Nc7 51. f5 Nd5 52. Ra6 Ne7 53. Ra8+ Kd7 54. Ra7+ Ke8 55. Kg5 h4 56. Bf4 h3 57. Bh2 Rg7+ 58. Kf6 Rg2 59. Rxe7+ Kd8 60. Rxf7 Rxh2 61. Rh7 Rh1 62. e6 h2 1-0

[Event "ARG-ch sf"]
[Site "Vicente Lopez"]
[Date "2016.06.27"]
[Round "4"]
[White "Santucho, Jorge Mario"]
[Black "Rodriguez, Sebastian"]
[Result "0-1"]
[WhiteElo "2026"]
[BlackElo "2054"]
[PlyCount "80"]
[EventDate "2016.06.25"]
[EventType "swiss"]
[EventRounds "9"]
[EventCountry "ARG"]
[SourceTitle "CBM 173 Extra"]
[Source "ChessBase"]
[SourceDate "2016.08.29"]
[SourceVersion "1"]
[SourceVersionDate "2016.08.29"]
[SourceQuality "1"]

1. e4 c5 2. Nf3 Nc6 3. d4 cxd4 4. Nxd4 Nf6 5. Nc3 e5 6. Ndb5 d6 7. Bg5 a6 8. Na3 b5 9. Nd5 Be7 10. Bxf6 Bxf6 11. c3 Bg5 12. Nc2 Rb8 13. g3 0-0 14. Bg2 Be6 15. Nce3 Bxe3 16. Nxe3 Ne7 17. 0-0 Qb6 18. Qd2 Rfd8 19. Rfd1 Rbc8 20. h4 a5 21. Kh2 b4 22. cxb4 axb4 23. Bh3 d5 24. exd5 Nxd5 25. Bxe6 fxe6 26. Rac1 Nxe3 27. Rxc8 Rxc8 28. fxe3 Rf8 29. Qe2 Qa7 30. b3 Qf7 31. Kg2 e4 32. Rd4 Qb7 33. Qe1 Qf7 34. Qe2 Qb7 35. Rd6 Qc7 36. Rxe6 Rf3 37. Qe1 Qc2+ 38. Kg1 Qc8 39. Rd6 Qh3 40. Rd8+ Kf7 0-1